| 000 | 01052cam a2200217 4500 | ||
|---|---|---|---|
| 001 | WB3930-19 | ||
| 008 | 030807n2003 000 0 eng u | ||
| 035 | _a(Sirsi) u123221 | ||
| 245 | _aDecontaminated land to be re-used | ||
| 260 | _c2003 | ||
| 490 |
_aODPM News Release _v(157) 30 July 2003 (3) |
||
| 520 | _aThe European Commission has approved government proposals to bring brownfield land back into use and relieve the pressure on green belt. The land remediation state aid approval enables local authorities, regional development agencies and English Partnerships to provide grants of up to 100% to developers to clean up contaminated or derelict land ready for development. Funding has also been approved for the repair and restoration of historic buildings and land. www.odpm.gov.uk/pns/DisplayPN.cgi?pn_id=2003_0157 | ||
| 590 | _aWB | ||
| 650 | _aCONTAMINATED LAND | ||
| 650 | _aBROWNFIELD LAND | ||
| 650 | _aHISTORIC ENVIRONMENT | ||
| 650 | _aLAND REMEDIATION | ||
| 650 | _aDEVELOPMENT | ||
| 690 | _aREGENERATION | ||
| 942 | _n0 | ||
| 999 |
_c73180 _d73180 |
||